=LDR 00000nam 2200000 4500 =001 INLIS000000000015344 =005 20130612110626 =008 ***********************************Ind** =035 ##$$0010-061300000015344 =041 ##$$a Ind =082 ##$$a 649.1 =090 ##$$a 649.1, KEL-k =100 ##$$a Singarimbun, Masri =245 ##$$a Kelangsungan Hidup Anak, Berbagai Teori, Pendekatan dan Kebijaksanaan, Masri Singrimbun =260 ##$$a 1988 $b Yogyakarta =300 ##$$a VI, 537 hlm, Ilus, 21 cm =650 ##$$a Anak Pemeliharaan dan Kesehatan =850 ##$$a NBPNMAT